[Event "FRA-chT3 Gr06 0607"]
[Site "France"]
[Date "2007.03.18"]
[Round "7.8"]
[White "Hinault, Vicky"]
[Black "Le Du, Michel"]
[Result "0-1"]
[WhiteElo "1020"]
[BlackElo "1965"]
[PlyCount "46"]
[EventDate "2006.10.15"]
[EventType "team"]
[EventRounds "9"]
[EventCountry "FRA"]
[SourceTitle "EXT 2008"]
[Source "ChessBase"]
[SourceDate "2007.11.25"]
[SourceVersion "1"]
[SourceVersionDate "2007.11.25"]
[SourceQuality "1"]
[WhiteTeam "Vitre"]
[BlackTeam "Quimper"]
[WhiteTeamCountry "FRA"]
[BlackTeamCountry "FRA"]

1. e4 Nf6 2. d3 g6 3. Bd2 Bg7 4. Nf3 d6 5. g3 c5 6. c4 Nc6 7. Bg2 0-0 8. 0-0 Ng4 9. h3 Nge5 10. Ne1 Nd4 11. a3 Rb8 12. b4 b5 13. Nc3 bxc4 14. dxc4 Nxc4 15. Bc1 Ba6 16. Rb1 Ne5 17. b5 Nxb5 18. Ne2 Nc6 19. a4 Nbd4 20. Rb2 Rxb2 21. Bxb2 Nxe2+ 22. Kh2 Bxb2 23. h4 Bf6 0-1

[Event "FRA-chT3 Gr06 0607"]
[Site "France"]
[Date "2006.12.10"]
[Round "4.8"]
[White "Rannou, Noel"]
[Black "Hinault, Vicky"]
[Result "1-0"]
[WhiteElo "1610"]
[BlackElo "1020"]
[PlyCount "73"]
[EventDate "2006.10.15"]
[EventType "team"]
[EventRounds "9"]
[EventCountry "FRA"]
[SourceTitle "EXT 2008"]
[Source "ChessBase"]
[SourceDate "2007.11.25"]
[SourceVersion "1"]
[SourceVersionDate "2007.11.25"]
[SourceQuality "1"]
[WhiteTeam "Lesneven"]
[BlackTeam "Vitre"]
[WhiteTeamCountry "FRA"]
[BlackTeamCountry "FRA"]

1. c4 e5 2. Nc3 Nf6 3. g3 Bc5 4. Bg2 0-0 5. Nf3 Nc6 6. 0-0 d6 7. Na4 Bb4 8. a3 Ba5 9. b4 Bb6 10. Nxb6 axb6 11. d4 Nxd4 12. Nxd4 exd4 13. Qxd4 Nh5 14. Bb2 Qg5 15. f4 Qh6 16. Qf2 Be6 17. Bxb7 Rad8 18. Rac1 c5 19. Rc3 d5 20. f5 Bc8 21. Bxd5 g6 22. f6 Rde8 23. Bc1 Nf4 24. Bxf4 g5 25. Bd6 Bh3 26. Re1 Rd8 27. Bxf8 Kxf8 28. bxc5 bxc5 29. Qxc5+ Kg8 30. Qe7 Rf8 31. Bg2 g4 32. Rb3 Bxg2 33. Kxg2 Qh3+ 34. Kg1 h5 35. Qe5 h4 36. Qg5+ Kh7 37. Qg7# 1-0